000
00304nam a22001217a 4500
008
230620b xxu||||| |||| 00| 0 eng d
082
_a
309.1
_b
BEV
100
_c
Bevan Edwyn Robert
245
_a
The Legacy of Israel
260
_a
london
_b
oxford university press
_c
1953
300
_a
551p
942
_2
ddc
_c
BK
999
_c
1462
_d
1462